000 00379nam a2200157Ia 4500
008 200103s9999||||xx |||||||||||||| ||und||
020 _a8120308263
040 _aIMU-MPC
082 _aColumn-17
100 _aWyatt, Allen L.
245 0 _aUsing Assembly Language
250 _a3rd Ed.
260 _bPrentice-Hall of India, New Delhi
_c1993
300 _axx, 1126
942 _cBK
999 _c6203
_d6203